Design and Analysis of Experiments

Salvato in:
Dettagli Bibliografici
Autori principali: Dean Angela (Autore), Voss, Daniel (Autore)
Natura: Libro
Lingua:inglese
Pubblicazione: New York : Springer Verlag, 1999
Edizione:1. vyd.
Soggetti:
Tags: Aggiungi Tag
Nessun Tag, puoi essere il primo ad aggiungerne!!

MARC

LEADER 00000nam a22000003a 4500
001 stu67352
005 20150617225649.7
008 011113s1999----xxu-----------------eng-d
020 |a 0-387-98561-1 
040 |a STU  |b slo 
041 0 |a eng 
044 |a xxu 
080 |a 004.942  |7 stu_us_auth*stu712 
100 1 |a Dean Angela  |4 aut 
245 1 |a Design and Analysis of Experiments 
250 |a 1. vyd. 
260 |a New York :  |b Springer Verlag,  |c 1999 
300 |a 740 s 
650 7 |a simulácia počítačová  |2 stusub 
650 7 |a matematické modelovanie  |2 stusub 
700 1 |a Voss, Daniel  |4 aut 
996 |b 284J005358  |c J*98465  |l JJK18  |s P  |a 0  |w stu67352_0001